000 00344nam a2200145Ia 4500
003 OSt
005 20240327161612.0
008 170523s9999 xx 000 0 und d
020 _a978-0070528987
040 _cIIMT UNIVERSITY MEERUT
100 _aSchilling- Donald L.
245 0 _aElectronics Circuits
260 _aT.M.H.
942 _2ddc
_c02
999 _c12499
_d12499